| 000 | 00995cam a2200289 i 4500 | ||
|---|---|---|---|
| 001 | 62008 | ||
| 003 | Mx-PuUPA | ||
| 005 | 20230426145245.0 | ||
| 008 | 150128s1993 miu fr 000 0 eng d | ||
| 020 | _a080062579X | ||
| 040 |
_aMX-PuUPA _bspa _erda _cMx-PuUPA _dMx-PuUPA |
||
| 041 | 0 | _aeng | |
| 100 | 1 |
_aHefner, Philip J. _d1932 _eautor _95234 |
|
| 245 | 1 | 4 |
_aThe human factor : _bevolution, culture, and religion / _cPhilip Hefner ; foreword by Arthur Peacocke. |
| 264 | 1 |
_aMinneapolis : _bAugsburg Fortress, _c©1993 |
|
| 300 |
_axvii, 317 páginas ; _c23 cm |
||
| 336 |
_atexto _2rdacontent _btxt |
||
| 337 |
_asin medio _2rdamedia _bn |
||
| 338 |
_avolumen _2rdacarrier _bnc |
||
| 490 | 0 | _aTheology and the Sciences | |
| 500 | _a"Winner of the 1995 Templeton Foundation Book Prize".- Portadilla | ||
| 650 | 7 |
_aReligión y ciencia _2armarc |
|
| 700 | 1 |
_aPeacocke, Arthur, _ecolaborador |
|
| 942 |
_2ddc _cLI _h233 _iH465 |
||
| 999 |
_c62008 _d62008 |
||